Εισαγωγή στην επιστήμη των υπολογιστών

Saved in:
Bibliographic Details
Main Authors: Montgomery, A. Y. (Anthony Yalden), 1938-, Juliff, Peter, 1938- (Author), Lynch, I. J. (Ian Joseph), 1947- (Author)
Other Authors: Μηλιτσόπουλος, Σωτήρης (Translator), Κούμουλος, Τάκης (Editor)
Format: Book
Language:Greek
English
Published: Αθήνα : Μόσχος Γκιούρδας, 1989.
Subjects:
Tags: Add Tag
No Tags, Be the first to tag this record!

MARC

LEADER 00000cam a2200000 i 4500
001 1/52720
008 941103s1989 gr | ||| |||| ||gre||
035 |a 1993  |c ΠΑΝΑΓΙΩΤΟΠΟΥΛΟΣ  |l 10044502 
040 |a GR-MyUA  |b gre  |e AACR2 
041 1 |a gre  |h eng 
082 0 |a 004 
100 1 |a Montgomery, A. Y.   |q (Anthony Yalden),   |d 1938- 
245 1 0 |a Εισαγωγή στην επιστήμη των υπολογιστών /   |c A.Y. Montgomery, P.L. Juliff, I.J. Lynch ; μετάφραση Σωτήρης Μηλιτσόπουλος ; επιμέλεια Τάκης Κούμουλος.  
260 |a Αθήνα :   |b Μόσχος Γκιούρδας,   |c 1989.  
300 |a xi, 552 σ. :   |b εικ. ;   |c 24 εκ.  
500 |a Τίτλος πρωτοτύπου: Introduction to Computer Science 
504 |a Περιέχει ευρετήριο.  
650 0 0 |a Computers. 
650 0 0 |a Electronic data processing. 
650 0 0 |a Computer programming. 
650 0 0 |a Management information systems. 
700 1 |a Juliff, Peter,   |d 1938-  |e aut 
700 1 |a Lynch, I. J.   |q (Ian Joseph),   |d 1947-  |e aut 
700 1 |a Μηλιτσόπουλος, Σωτήρης,  |e trl 
700 1 |a Κούμουλος, Τάκης,  |e edt 
852 |a INST  |b SAMOS  |e 19941103  |h 004 MON  |p 005300002347  |q 005300002347  |t BK  |y 0 
852 |a INST  |b SAMOS  |e 19980514  |h 004 MON  |p 005300011543  |q 005300011543  |t BK  |y 23 
852 |a INST  |b SAMOS  |e 19980514  |h 004 MON  |p 005300011544  |q 005300011544  |t BK  |y 0 
852 |a INST  |b SAMOS  |e 19980514  |h 004 MON  |p 005300011545  |q 005300011545  |t BK  |y 0 
852 |a INST  |b SAMOS  |e 19980514  |h 004 MON  |p 005300011546  |q 005300011546  |t BK  |y 0 
901 |a BIBL-1998-2 
909 |a Σ  |b 029791 
909 |a Σ  |b 055383 
909 |a Σ  |b 055378 
909 |a Σ  |b 055381 
909 |a Σ  |b 029782 
922 |a 3ΕΛΗ  |b 199805  |c ΚΠΣ  |d EMVASIS